[Event "Montigny le Bretonneux-B 14th"]
[Site "Montigny le Bretonneux"]
[Date "2015.10.22"]
[Round "6.3"]
[White "N Zenzo, Kisala"]
[Black "Conjat, Esteban"]
[Result "0-1"]
[WhiteElo "1770"]
[BlackElo "1732"]
[PlyCount "112"]
[EventDate "2015.10.17"]
[EventType "tourn"]
[EventRounds "9"]
[EventCountry "FRA"]
[SourceTitle "EXT 2024"]
[Source "ChessBase"]
[SourceDate "2023.10.10"]
[SourceVersion "1"]
[SourceVersionDate "2023.10.10"]
[SourceQuality "1"]

1. e4 e6 2. d4 d5 3. Nc3 Bb4 4. Nge2 b6 5. e5 Ba6 6. a3 Bxc3+ 7. bxc3 Ne7 8. Bg5 h6 9. Bxe7 Qxe7 10. g3 c5 11. Bg2 Nc6 12. Bf3 0-0 13. Nf4 Qc7 14. Qd2 Rac8 15. Rc1 Na5 16. Bg4 cxd4 17. cxd4 Nb3 18. Qe3 Nxc1 19. Qxc1 Qc3+ 20. Qd2 Qxa3 21. Bd1 Qc3 22. Ne2 Qxd2+ 23. Kxd2 Rc7 24. f4 Rfc8 25. Nc1 Bc4 26. g4 a5 27. c3 b5 28. f5 a4 29. fxe6 fxe6 30. Be2 Rf8 31. Bxc4 Rxc4 32. Ne2 Rf2 33. Ke3 Rxe2+ 34. Kxe2 Rxc3 35. Kd2 b4 36. Rb1 Rc4 37. Kd3 a3 38. Ra1 Rc3+ 39. Kd2 Rh3 40. Rh1 a2 41. Ra1 Rxh2+ 42. Kd3 b3 43. Kc3 b2 44. Rxa2 b1Q 45. Rxh2 Qa1+ 46. Rb2 Qc1+ 47. Rc2 Qe3+ 48. Kb4 Qxd4+ 49. Ka5 Qa1+ 50. Kb4 Qb1+ 51. Kc3 d4+ 52. Kd2 Qb4+ 53. Kd3 Qb3+ 54. Kd2 Qe3+ 55. Kd1 d3 56. Ra2 Qg1+ 0-1